| Tag |
First Indicator |
Second Indicator |
Subfields |
| LEADER |
00000cam a22000008a 4500 |
| 001 |
in00004472909 |
| 005 |
20210818135054.0 |
| 008 |
900417r1991 nyu b 00000 eng c |
| 010 |
|
|
|a 90006069
|
| 020 |
|
|
|a 0070401268
|
| 035 |
|
|
|a (OCoLC)21483682
|
| 035 |
|
|
|z (UtOrBLW)13513
|
| 035 |
|
|
|a 24085
|
| 040 |
|
|
|a DNLM/DLC
|c DLC
|d TMV
|d UtOrBLW
|
| 049 |
|
|
|a TMVM
|c 1
|
| 050 |
0 |
0 |
|a R724
|b .B49 1991
|
| 060 |
|
0 |
|a W 50 B6153
|
| 060 |
|
4 |
|a W 50
|b B6153 1991
|
| 082 |
0 |
0 |
|a 174.2
|2 20
|
| 245 |
0 |
0 |
|a Biomedical ethics /
|c [edited by] Thomas A. Mappes, Jane S. Zembaty.
|
| 250 |
|
|
|a Third edition.
|
| 264 |
|
1 |
|a New York :
|b McGraw-Hill,
|c [1991]
|
| 264 |
|
4 |
|c ©1991
|
| 300 |
|
|
|a xiv, 641 pages ;
|c 25 cm.
|
| 336 |
|
|
|a text
|2 rdacontent
|b txt
|
| 337 |
|
|
|a unmediated
|2 rdamedia
|
| 338 |
|
|
|a volume
|2 rdacarrier
|b nc
|
| 500 |
|
|
|a Reprinted from various sources.
|
| 504 |
|
|
|a Includes bibliographical references.
|
| 650 |
|
2 |
|a Bioethics
|v Collected Works.
|
| 650 |
|
2 |
|a Ethics, Medical
|v Collected Works.
|
| 700 |
1 |
|
|a Mappes, Thomas A.
|
| 700 |
1 |
|
|a Zembaty, Jane S.
|
| 948 |
|
|
|a Retain per selector (NF). 01/19/96/PJ
|
| 999 |
|
|
|a MARS
|
| 999 |
f |
f |
|s 13775ad7-c2b2-3a7c-af84-fc2149706228
|i 161c66d8-291d-3e90-9e39-e120da55f402
|t 0
|
| 952 |
f |
f |
|p ric
|a Texas A&M University
|b Rellis Campus
|c Joint Library Facility
|d Remote Storage
|t 0
|e W 50 B6153 1991
|h National Library of Medicine classification
|i unmediated -- volume
|m 323890096768I
|
| 998 |
f |
f |
|a W 50 B6153 1991
|t 0
|l Remote Storage
|